The Japanese business community and trade policy, 1920-1942
Gorde:
| Egile nagusia: | |
|---|---|
| Formatua: | Liburua |
| Hizkuntza: | Undetermined |
| Argitaratua: |
London
1989
|
| Gaiak: | |
| Etiketak: |
Etiketa erantsi
Etiketarik gabe, Izan zaitez lehena erregistro honi etiketa jartzen!
|
| Thư viện lưu trữ: | Trung tâm Học liệu Trường Đại học Cần Thơ |
|---|
| LEADER | 00539nam a2200193Ia 4500 | ||
|---|---|---|---|
| 001 | CTU_97440 | ||
| 008 | 210402s9999 xx 000 0 und d | ||
| 082 | |a 380.1 | ||
| 082 | |b M643 | ||
| 100 | |a Miles, William | ||
| 245 | 4 | |a The Japanese business community and trade policy, 1920-1942 | |
| 245 | 0 | |c William Miles | |
| 260 | |a London | ||
| 260 | |c 1989 | ||
| 650 | |a Japan,Industry and state | ||
| 650 | |x Commercial policy,History | ||
| 650 | |z Japan | ||
| 904 | |i Tuyến | ||
| 980 | |a Trung tâm Học liệu Trường Đại học Cần Thơ | ||